| 000 | 01229ncm a2200361 a 4500 | ||
|---|---|---|---|
| 999 |
_c349417 _d349417 |
||
| 003 | BLK | ||
| 005 | 20250215161531.0 | ||
| 008 | 200324b bu ||||| |||| 00| 0 bu d | ||
| 040 | _aBLK | ||
| 041 |
_aBUL _cBUL |
||
| 080 |
_aЦигулка, виолина, виола д'аморе _b787.1 _z787.1 |
||
| 100 |
_aВанхал, Ян К. _eпърви автор _91299 |
||
| 139 |
_aВанхал, Ян К. _bВ 20 |
||
| 245 |
_aКонцерт за виола и оркестър _bИзвлечение за пиано _cЯн К. Ванхал; Състав. Стефан Сугарев |
||
| 260 |
_9209548 _aСофия _bНаука и изкуство _c1957 |
||
| 300 |
_a30 с. _c30 см |
||
| 380 | _a7 | ||
| 650 | 7 |
_aВиола - концерти, концертини _2 _9150741 |
|
| 653 | 7 |
_9183295 _aвиола |
|
| 653 | 7 |
_9193730 _aпиано |
|
| 653 | 7 |
_9189133 _aконцерти |
|
| 700 |
_91478 _aСугарев, Стефан _eсъстав. |
||
| 852 | _aЦб М II 98 | ||
| 942 |
_cNOT _n0 _s1 |
||
| 944 |
_c2020-03-24 _k30560 _lГеновева Генчева |
||
| 999 | _d349417 | ||
| 999 | _d349417 | ||
| 999 | _d349417 | ||
| 999 | _d349417 | ||
| 999 | _d349417 | ||
| 999 | _d349417 | ||
| 999 | _d349417 | ||